[Event "XI Open Piemonte Scacchi"]
[Site "Torino ITA"]
[Date "2011.09.10"]
[Round "3"]
[White "Manunta, Andrea"]
[Black "Dall'Igna, Antonio"]
[Result "1-0"]
[WhiteElo "1770"]
[BlackElo "1515"]
[PlyCount "107"]
[EventDate "2011.09.09"]

1. d4 d5 2. c4 e6 3. Nc3 c6 4. Nf3 Nf6 5. Bg5 Nbd7 6. e3 Qa5 7. Qc2 Ne4 8. Bf4
Ndf6 9. Bd3 Nxc3 10. bxc3 h6 11. h3 Ne4 12. Bxe4 dxe4 13. Nd2 f5 14. O-O Qd8
15. Rad1 Bd6 16. Bxd6 Qxd6 17. c5 Qe7 18. Nc4 O-O 19. Ne5 Qg5 20. Rb1 Rb8 21.
Nxc6 e5 22. Nxe5 Re8 23. f4 Qe7 24. Rfd1 Qc7 25. Rb4 b6 26. Rdb1 Ba6 27. Qb3+
Kh7 28. cxb6 axb6 29. c4 Rbc8 30. Rxb6 Bxc4 31. Nxc4 Qxc4 32. Qxc4 Rxc4 33.
R6b5 Rc3 34. R5b3 Rc2 35. R1b2 Rc1+ 36. Kh2 Ra1 37. Rc3 Ra8 38. Rc7 R1xa2 39.
Rbb7 Rg8 40. Rc3 Ra5 41. Rbc7 Rd5 42. R3c5 Rgd8 43. Rxd5 Rxd5 44. Rc5 Rd6 45.
Rxf5 Re6 46. Re5 Rxe5 47. fxe5 Kg8 48. Kg3 g5 49. Kg4 Kg7 50. Kf5 Kf7 51. g4
Ke7 52. Kxe4 Ke6 53. d5+ Ke7 54. Kf5 1-0

[Event "XI Open Piemonte Scacchi"]
[Site "Torino ITA"]
[Date "2011.09.10"]
[Round "3"]
[White "Fassio, Francesco"]
[Black "Carbone, Lorenzo"]
[Result "1/2-1/2"]
[WhiteElo "1652"]
[BlackElo "1759"]
[PlyCount "87"]
[EventDate "2011.09.09"]

1. c4 c5 2. Nc3 e6 3. e3 Nc6 4. Nf3 Nf6 5. d4 cxd4 6. exd4 d5 7. cxd5 Nxd5 8.
Nxd5 Qxd5 9. Be2 Be7 10. O-O O-O 11. Be3 Bd7 12. Qc1 Rac8 13. Bc4 Qh5 14. Qe1
Nxd4 15. Bxd4 Rxc4 16. Bxa7 Bc6 17. Ne5 Bd6 18. f4 Bxe5 19. Qxe5 Qg4 20. Rf2
Re4 21. Qd6 Re2 22. Qd1 Bf3 23. Rxe2 Bxe2 24. Qd2 Bc4 25. b3 Bd5 26. Rc1 Bc6
27. Rc3 Qf5 28. Rd3 h6 29. a4 Bd5 30. Be3 Rc8 31. Rc3 Qb1+ 32. Qc1 Qxc1+ 33.
Rxc1 Rxc1+ 34. Bxc1 Bxb3 35. a5 Kf8 36. Kf2 Ke7 37. Ke3 Kd6 38. Kd4 h5 39. Ba3+
Kc6 40. Bf8 g6 41. Bc5 Bd5 42. g3 Bg2 43. Bb4 Kd7 44. Ke5 1/2-1/2

[Event "XI Open Piemonte Scacchi"]
[Site "Torino ITA"]
[Date "2011.09.10"]
[Round "3"]
[White "Doromeychuk, Anton"]
[Black "Ravazzolo, Gaia"]
[Result "1/2-1/2"]
[WhiteElo "1614"]
[BlackElo "1732"]
[PlyCount "38"]
[EventDate "2011.09.09"]

1. e4 c6 2. d4 d5 3. e5 c5 4. c3 e6 5. Nf3 Nc6 6. Bd3 cxd4 7. cxd4 Qb6 8. Bc2
Bb4+ 9. Nc3 Bd7 10. O-O Rc8 11. Na4 Qc7 12. a3 b5 13. Nc5 Bxc5 14. dxc5 Nxe5
15. Bf4 Nxf3+ 16. Qxf3 Qxc5 17. Be5 f6 18. Qh5+ Kf8 19. Bc3 Ne7 1/2-1/2

[Event "XI Open Piemonte Scacchi"]
[Site "Torino ITA"]
[Date "2011.09.10"]
[Round "3"]
[White "Marvin, Elio"]
[Black "Bosticardo, Tommaso"]
[Result "0-1"]
[WhiteElo "1669"]
[BlackElo "1708"]
[PlyCount "70"]
[EventDate "2011.09.09"]

1. e4 e5 2. Nf3 Nc6 3. c4 Nf6 4. d3 Bc5 5. h3 d6 6. Nc3 h6 7. g4 Nd4 8. Bg2 Be6
9. Nxd4 Bxd4 10. O-O c6 11. Ne2 Bb6 12. Ng3 Qe7 13. b4 O-O-O 14. Nf5 Bxf5 15.
exf5 d5 16. cxd5 cxd5 17. Bd2 e4 18. Rc1+ Kb8 19. Bf4+ Ka8 20. a3 g6 21. fxg6
fxg6 22. Re1 g5 23. Bg3 h5 24. d4 hxg4 25. hxg4 Qd7 26. Be5 Rh6 27. f3 Qe7 28.
Kf1 Rf8 29. Qd2 Nxg4 30. Bg3 Qf6 31. Qc3 Rhh8 32. Be5 Nxe5 33. dxe5 Qf5 34. Qc2
g4 35. a4 gxf3 0-1

[Event "XI Open Piemonte Scacchi"]
[Site "Torino ITA"]
[Date "2011.09.11"]
[Round "4"]
[White "Spinelli, Doriano"]
[Black "Ranieri, Fabrizio"]
[Result "0-1"]
[WhiteElo "2098"]
[BlackElo "2299"]
[PlyCount "74"]
[EventDate "2011.09.09"]

1. e4 e6 2. b3 d5 3. Bb2 dxe4 4. Nc3 Nf6 5. Qe2 Bb4 6. O-O-O Bxc3 7. dxc3 Qe7
8. f3 exf3 9. Nxf3 Nc6 10. Ne5 Qc5 11. c4 Nxe5 12. Bxe5 Bd7 13. Bd4 Qa5 14. g4
O-O-O 15. Kb1 e5 16. Qxe5 Qxe5 17. Bxe5 Bxg4 18. Rxd8+ Rxd8 19. Bd3 Nh5 20. Rg1
f5 21. b4 g6 22. c5 Re8 23. Bg3 Nxg3 24. hxg3 h5 25. Kc1 Re3 26. Kd2 Rf3 27. a4
Rf2+ 28. Ke3 Rf3+ 29. Kd4 f4 30. gxf4 Rxf4+ 31. Ke5 Rxb4 32. Bxg6 Rc4 33. Kd5
Rxa4 34. Rf1 c6+ 35. Ke5 Rc4 36. Rf8+ Kc7 37. Rf7+ Bd7 0-1

[Event "XI Open Piemonte Scacchi"]
[Site "Torino ITA"]
[Date "2011.09.11"]
[Round "4"]
[White "Guidi, Giacomo G."]
[Black "Topczewski, Damian"]
[Result "0-1"]
[WhiteElo "1991"]
[BlackElo "2189"]
[PlyCount "76"]
[EventDate "2011.09.09"]

1. f4 c5 2. b3 Nc6 3. Bb2 d5 4. Nf3 Bg4 5. e3 e6 6. Bb5 f6 7. Bxc6+ bxc6 8. O-O
Bd6 9. Qe1 Nh6 10. d3 O-O 11. Nbd2 Qc7 12. h3 Bh5 13. Kh1 Rae8 14. g4 Bg6 15.
Rg1 Qb8 16. h4 d4 17. exd4 cxd4 18. h5 Bf7 19. g5 fxg5 20. fxg5 Nf5 21. g6 hxg6
22. hxg6 Ng3+ 23. Rxg3 Bxg3 24. gxf7+ Rxf7 25. Qe4 c5 26. Kg2 Bf4 27. Rh1 Rf5
28. Nc4 Qd8 29. Kf2 Qf6 30. Bc1 Bxc1 31. Rxc1 Rf8 32. Ncd2 Qh6 33. Ke2 Rxf3 34.
Nxf3 Qxc1 35. Qxe6+ Kh8 36. Nd2 Qh1 37. Qe7 Qh5+ 38. Ke1 Re8 0-1

[Event "XI Open Piemonte Scacchi"]
[Site "Torino ITA"]
[Date "2011.09.11"]
[Round "4"]
[White "Faraoni, Enrico"]
[Black "Aghayev, Miragha"]
[Result "0-1"]
[WhiteElo "2104"]
[BlackElo "2112"]
[PlyCount "76"]
[EventDate "2011.09.09"]

1. f4 Nf6 2. Nf3 g6 3. g3 c6 4. Bg2 Qb6 5. a4 a5 6. Ra3 Na6 7. d4 d5 8. O-O Bf5
9. Rb3 Qa7 10. Nh4 Be4 11. f5 Bg7 12. Nc3 Rd8 13. Bg5 O-O 14. Qc1 Ng4 15. Nxe4
dxe4 16. Bxe7 Bxd4+ 17. Kh1 Be3 18. Qa1 g5 19. h3 Nf2+ 20. Rxf2 Bxf2 21. Bxe4
Qd4 22. Bf3 gxh4 23. Rd3 Qe5 24. Bxd8 Nc5 25. Rd1 Bxg3 26. Qc1 f6 27. Bb6 Ne4
28. Rd7 Bf4 29. Qg1+ Ng3+ 30. Kg2 Rf7 31. Rd8+ Kg7 32. Bd4 Qxf5 33. e4 Nxe4 34.
Bxe4 Qxe4+ 35. Kf1+ Bg3 36. Bf2 Re7 37. Rd2 Qf3 38. Qg2 Re1+ 0-1

[Event "XI Open Piemonte Scacchi"]
[Site "Torino ITA"]
[Date "2011.09.11"]
[Round "4"]
[White "Guzzetti, Luigi Enrico"]
[Black "Jotev, Yassen"]
[Result "1/2-1/2"]
[WhiteElo "1955"]
[BlackElo "2086"]
[PlyCount "107"]
[EventDate "2011.09.09"]

1. e4 c5 2. Nf3 Nc6 3. d4 cxd4 4. Nxd4 g6 5. Nc3 Bg7 6. Be3 Nf6 7. Be2 O-O 8.
O-O d6 9. Qd2 Ng4 10. Bxg4 Bxg4 11. f3 Bd7 12. Rfd1 Rc8 13. Nxc6 Bxc6 14. Bxa7
b6 15. Qf2 Bxc3 16. Bxb6 Qd7 17. bxc3 Ba4 18. Bd4 Qc6 19. e5 dxe5 20. Bxe5 f6
21. Bf4 Qxc3 22. Rac1 Rc4 23. Bh6 Rfc8 24. Qa7 Kf7 25. Re1 Qd4+ 26. Qxd4 Rxd4
27. c3 Rd3 28. Re3 Rxe3 29. Bxe3 Bb5 30. a3 Ke6 31. Kf2 Kd5 32. Rd1+ Kc4 33. f4
Ra8 34. Rb1 Bc6 35. Bd4 Rxa3 36. Rb2 Ra5 37. g4 e5 38. Rb4+ Kd3 39. fxe5 fxe5
40. Bb6 Ra2+ 41. Kg3 Kxc3 42. Rb1 Kd3 43. Rd1+ Ke2 44. Rd6 Rc2 45. Re6 Rc3+ 46.
Kh4 e4 47. Kg5 Kf3 48. h4 Bd7 49. Re7 Bxg4 50. Rxh7 e3 51. Bxe3 Rxe3 52. Kxg6
Re5 53. Rh8 Kg3 54. h5 1/2-1/2

[Event "XI Open Piemonte Scacchi"]
[Site "Torino ITA"]
[Date "2011.09.11"]
[Round "4"]
[White "Moncelli, Giorgio"]
[Black "Razzano, Lorenzo"]
[Result "1-0"]
[WhiteElo "2081"]
[BlackElo "1927"]
[PlyCount "77"]
[EventDate "2011.09.09"]

1. e4 g6 2. d4 Bg7 3. Nc3 d6 4. g3 b6 5. Bg2 Bb7 6. Nge2 Nd7 7. O-O e6 8. Be3
Ne7 9. Qd2 h6 10. Rad1 Nf6 11. h3 d5 12. e5 Nd7 13. f4 Nf5 14. Bf2 h5 15. Rc1
a6 16. Nd1 b5 17. Ne3 Nb6 18. Nxf5 gxf5 19. b3 a5 20. c4 b4 21. c5 Nc8 22. h4
Ba6 23. Bf3 Ne7 24. Rfe1 Kd7 25. Kh2 c6 26. Ng1 f6 27. Nh3 Qe8 28. Ra1 Qb8 29.
Qd1 Qe8 30. a3 bxa3 31. Rxa3 Bb5 32. Qd2 Qb8 33. Rea1 a4 34. bxa4 Bc4 35. Qc2
fxe5 36. fxe5 f4 37. Nxf4 Nf5 38. Rb1 Qa7 39. a5 1-0

[Event "XI Open Piemonte Scacchi"]
[Site "Torino ITA"]
[Date "2011.09.11"]
[Round "4"]
[White "Manni, Stefano"]
[Black "Macheda, Andrea"]
[Result "1-0"]
[WhiteElo "2012"]
[BlackElo "1915"]
[PlyCount "69"]
[EventDate "2011.09.09"]

1. e4 c5 2. c3 g6 3. d4 cxd4 4. cxd4 d5 5. e5 Nc6 6. Bb5 Qb6 7. Nc3 Be6 8. Nge2
Nh6 9. Nf4 Rc8 10. a4 Nf5 11. Be3 a6 12. Nfxd5 Bxd5 13. Nxd5 Qa5+ 14. b4 Qd8
15. Bxc6+ Rxc6 16. Qb3 Bg7 17. O-O e6 18. b5 Rc8 19. Nf4 Nxd4 20. Bxd4 Qxd4 21.
Nxe6 Qg4 22. Nxg7+ Kf8 23. h3 Qc4 24. Qf3 Kxg7 25. Qxb7 axb5 26. axb5 Rb8 27.
Qc6 Qxb5 28. Qf6+ Kh6 29. e6 fxe6 30. Ra7 Qf5 31. Qg7+ Kg5 32. Rf7 Qc5 33. Qf6+
Kh6 34. g4 Rb4 35. Qh4+ 1-0

[Event "XI Open Piemonte Scacchi"]
[Site "Torino ITA"]
[Date "2011.09.11"]
[Round "4"]
[White "Martin, Tiziano"]
[Black "Giacometto, Mario"]
[Result "1-0"]
[WhiteElo "1948"]
[BlackElo "2004"]
[PlyCount "73"]
[EventDate "2011.09.09"]

1. d4 Nf6 2. Nf3 e6 3. Nbd2 d5 4. e3 b6 5. c3 Bb7 6. Bd3 Nbd7 7. O-O c5 8. Qe2
Bd6 9. e4 dxe4 10. Nxe4 Nxe4 11. Bxe4 Bxe4 12. Qxe4 O-O 13. Bg5 Qc7 14. Rad1 h6
15. Bh4 Rae8 16. Qd3 Be7 17. Bg3 Qb7 18. Rfe1 cxd4 19. Qxd4 Nc5 20. Qg4 Kh7 21.
Ne5 g6 22. b4 h5 23. Qe2 Na4 24. Qc2 b5 25. Nd7 Rg8 26. Be5 Nb6 27. Nf6+ Bxf6
28. Bxf6 Nd5 29. Bd4 Rc8 30. Re5 Kh6 31. Qd2+ g5 32. h4 Qe7 33. hxg5+ Rxg5 34.
Rde1 Rcg8 35. Rxd5 Qb7 36. Rxg5 Rxg5 37. f3 1-0

[Event "XI Open Piemonte Scacchi"]
[Site "Torino ITA"]
[Date "2011.09.11"]
[Round "4"]
[White "Di Chiara, Mauro"]
[Black "Riccardi, Mauro"]
[Result "1-0"]
[WhiteElo "1966"]
[BlackElo "1836"]
[PlyCount "57"]
[EventDate "2011.09.09"]

1. d4 Nf6 2. Nf3 g6 3. c4 Bg7 4. Nc3 d5 5. cxd5 Nxd5 6. e4 Nxc3 7. bxc3 c5 8.
Rb1 cxd4 9. cxd4 Qa5+ 10. Bd2 Qxa2 11. Qc1 O-O 12. Bc4 Qa4 13. Bb5 Qa2 14. O-O
a6 15. Rb2 Qe6 16. Ng5 Qb6 17. Bc4 Qxd4 18. Bxf7+ Kh8 19. Rc2 Nc6 20. Bc3 Qd6
21. Bxg7+ Kxg7 22. Bd5 Nd4 23. Rd2 Qf6 24. Rxd4 Qxd4 25. Qxc8 Qd2 26. Ne6+ Kh6
27. Qxb7 Rab8 28. Qa7 Rfc8 29. Qxe7 1-0

[Event "XI Open Piemonte Scacchi"]
[Site "Torino ITA"]
[Date "2011.09.11"]
[Round "4"]
[White "Quirico, Paolo"]
[Black "Manunta, Andrea"]
[Result "1-0"]
[WhiteElo "2191"]
[BlackElo "1770"]
[PlyCount "163"]
[EventDate "2011.09.09"]

1. d4 e6 2. Nf3 Nf6 3. Bf4 b6 4. e3 Bb7 5. Bd3 Bb4+ 6. c3 Be7 7. h3 d6 8. Nbd2
Nbd7 9. e4 c5 10. O-O O-O 11. Qe2 Qc7 12. Rfe1 e5 13. Bh2 Rfe8 14. dxe5 dxe5
15. Bc4 h6 16. Bb3 Bf8 17. Qc4 Re7 18. Nh4 Nb8 19. Ng6 Ba6 20. Nxe7+ Qxe7 21.
Qxf7+ Qxf7 22. Bxf7+ Kxf7 23. Bxe5 Nbd7 24. Bxf6 gxf6 25. c4 Bd6 26. Rad1 Ne5
27. b3 Rg8 28. Re3 Bb7 29. Nf1 Ke7 30. Ng3 Bc8 31. Nf5+ Bxf5 32. exf5 Kd7 33.
f4 Nc6 34. Re6 Nd4 35. Rxf6 Bxf4 36. Rf7+ Kc6 37. Rxa7 Be3+ 38. Kh2 Bf4+ 39.
Kg1 Nf3+ 40. Kf2 Nd4 41. Kg1 Bg5 42. Kf2 Re8 43. Kf1 Bh4 44. Rg7 Nxf5 45. Rg6+
Kc7 46. Rb1 Rf8 47. Kg1 Bg5 48. Rf1 Be3+ 49. Kh2 Bd4 50. Re6 Kd7 51. Re2 Rf6
52. g4 Nd6 53. Rxf6 Bxf6 54. Kg3 Nf7 55. Kf4 Bg5+ 56. Kf5 Nd8 57. Kg6 Ne6 58.
Rh2 Nf4+ 59. Kf7 Nd3 60. Kg7 Nf4 61. Kh7 Ne6 62. h4 Bf4 63. Rf2 Be3 64. Rf7+
Kd6 65. Rf6 Ke7 66. Rf3 Bd2 67. Kg6 Nf8+ 68. Kf5 Ne6 69. Rd3 Nd4+ 70. Kg6 Bf4
71. g5 hxg5 72. hxg5 Ne6 73. Rd1 Bxg5 74. Re1 Bh4 75. Re4 Bf6 76. Kf5 Bd4 77.
Rxe6+ Kd7 78. Rxb6 Kc7 79. Rg6 Kd7 80. Ke4 Kc7 81. Kd5 Kd7 82. Rc6 1-0

[Event "XI Open Piemonte Scacchi"]
[Site "Torino ITA"]
[Date "2011.09.11"]
[Round "4"]
[White "Bianco, Valerio"]
[Black "D'Amato, Piergiorgio"]
[Result "1-0"]
[WhiteElo "2176"]
[BlackElo "1856"]
[PlyCount "101"]
[EventDate "2011.09.09"]

1. e4 e6 2. d4 d5 3. Nd2 Nf6 4. e5 Nfd7 5. f4 c5 6. Ngf3 Nc6 7. Nb3 c4 8. Nbd2
f6 9. c3 Be7 10. b3 Qa5 11. Bb2 b5 12. a4 Rb8 13. axb5 Qxb5 14. Ba3 Bxa3 15.
Rxa3 fxe5 16. fxe5 Nb6 17. Be2 O-O 18. O-O Nd7 19. Qa1 Ndxe5 20. dxe5 Qc5+ 21.
Kh1 Qe3 22. Bd1 Qd3 23. Re1 cxb3 24. Nxb3 g5 25. Be2 Qe3 26. Bf1 Qf4 27. Ra4
Qf5 28. Nfd4 Nxd4 29. Nxd4 Qf2 30. Ra2 Qh4 31. Nf3 Qf4 32. Ra4 Qf5 33. Qd1 Rb2
34. Bd3 Qf7 35. Qc1 Rxg2 36. Rg1 Rxg1+ 37. Nxg1 h6 38. Qe3 Bb7 39. Qd4 Qc7 40.
Nh3 Qxc3 41. Qxc3 d4+ 42. Kg1 dxc3 43. Rxa7 Bd5 44. Rc7 c2 45. Bxc2 Rf3 46. Nf2
Re3 47. Ng4 Re2 48. Nf6+ Kf8 49. Bg6 Rg2+ 50. Kf1 Rxh2 51. Rf7# 1-0

[Event "XI Open Piemonte Scacchi"]
[Site "Torino ITA"]
[Date "2011.09.11"]
[Round "4"]
[White "Iacomussi, Mario"]
[Black "Melling, Jonathon"]
[Result "0-1"]
[WhiteElo "1747"]
[BlackElo "1882"]
[PlyCount "80"]
[EventDate "2011.09.09"]

1. d4 d5 2. c4 e6 3. cxd5 exd5 4. Nc3 c6 5. Nf3 Bf5 6. Bg5 Be7 7. Bxe7 Nxe7 8.
e3 Qb6 9. Qd2 Nd7 10. Be2 O-O 11. Nh4 Be6 12. f4 Nf5 13. Nxf5 Bxf5 14. g4 Be4
15. Nxe4 dxe4 16. g5 Rad8 17. b4 c5 18. bxc5 Qe6 19. Rc1 Qh3 20. Bf1 Qh4+ 21.
Qf2 Qh5 22. h4 f6 23. Be2 Qe8 24. f5 Rc8 25. Bc4+ Kh8 26. Be6 Rc6 27. Bd5 Nb8
28. Bxc6 Nxc6 29. d5 Ne5 30. Rc3 Nd3+ 31. Rxd3 exd3 32. Qd2 Qe4 33. Rf1 Qxd5
34. g6 Re8 35. Rf4 Qxc5 36. Kf2 Qd6 37. Kf3 Qd5+ 38. Kg4 Re4 39. Qc3 Rxf4+ 40.
exf4 Qg2+ 0-1

[Event "XI Open Piemonte Scacchi"]
[Site "Torino ITA"]
[Date "2011.09.11"]
[Round "4"]
[White "Haddad Filho, Paulo Ibrahim"]
[Black "Coxe, Marino"]
[Result "1-0"]
[WhiteElo "1971"]
[BlackElo "1744"]
[PlyCount "49"]
[EventDate "2011.09.09"]

1. d4 d5 2. Nf3 Nf6 3. Bg5 e6 4. Nbd2 Be7 5. e3 Nc6 6. c3 O-O 7. Bd3 a6 8. Ne5
Qe8 9. f4 h6 10. h4 Nxe5 11. dxe5 Nd7 12. Bxh6 f5 13. exf6 Nxf6 14. Bg5 Qh5 15.
Qxh5 Nxh5 16. Bxe7 Re8 17. Bg5 Ng3 18. Rh3 Nf5 19. Bxf5 exf5 20. Kf2 Bd7 21. h5
Kf7 22. Nf3 Rh8 23. Ne5+ Ke6 24. Nxd7 Kxd7 25. h6 1-0

[Event "XI Open Piemonte Scacchi"]
[Site "Torino ITA"]
[Date "2011.09.11"]
[Round "4"]
[White "Fassio, Francesco"]
[Black "Guidi, Paolo"]
[Result "0-1"]
[WhiteElo "1652"]
[BlackElo "1871"]
[PlyCount "111"]
[EventDate "2011.09.09"]

1. c4 e5 2. Nc3 d6 3. g3 Nf6 4. Bg2 Be7 5. e3 c6 6. Nge2 Be6 7. b3 Na6 8. O-O
Qd7 9. Re1 O-O 10. d4 exd4 11. exd4 Bf5 12. a3 Nc7 13. Nf4 Rfe8 14. Nce2 d5 15.
Nd3 Ne6 16. Ne5 Qc7 17. Bb2 Be4 18. f3 Bf5 19. Qd2 Rad8 20. Rad1 c5 21. cxd5
Nxd5 22. Nc4 Bf6 23. Qc1 Nxd4 24. Nxd4 Rxe1+ 25. Rxe1 cxd4 26. f4 h6 27. Qd2 b5
28. Ne5 Bxe5 29. Rxe5 Ne3 30. Rxb5 Nxg2 31. Rxf5 Ne3 32. Re5 Qc2 33. Qxc2 Nxc2
34. Bc1 d3 35. Bd2 Nxa3 36. Kf2 Nb1 37. Ke3 Nxd2 38. Kxd2 Rb8 39. Kxd3 Rxb3+
40. Kc2 Ra3 41. Kb2 Ra6 42. f5 Kf8 43. h4 Rb6+ 44. Kc3 a6 45. g4 Rb5 46. Re4 a5
47. Ra4 Ke7 48. Re4+ Kd6 49. Re8 Re5 50. Rg8 a4 51. Rxg7 Ke7 52. Rg8 Ra5 53. g5
a3 54. gxh6 a2 55. Rg1 Rxf5 56. Kb2 0-1

[Event "XI Open Piemonte Scacchi"]
[Site "Torino ITA"]
[Date "2011.09.11"]
[Round "4"]
[White "Gennaro, Isabella"]
[Black "Bonino, Matteo"]
[Result "0-1"]
[WhiteElo "1588"]
[BlackElo "1851"]
[PlyCount "52"]
[EventDate "2011.09.09"]

1. e4 e6 2. d4 d5 3. Nd2 c5 4. Ngf3 cxd4 5. Nxd4 Nf6 6. exd5 Qxd5 7. N2f3 Bd7
8. Bg5 Ne4 9. Be3 Bb4+ 10. Ke2 e5 11. c3 Bxc3 12. Qb3 Qxb3 13. Nxb3 Bxb2 14.
Re1 Nc6 15. Bd2 O-O-O 16. Ke3 Nxd2 17. Nbxd2 Nd4 18. Bd3 Nxf3 19. Nxf3 f5 20.
Ng5 Bd4+ 21. Kd2 Rdf8 22. Rc1+ Kb8 23. Bc4 Rf6 24. Nf3 Rd6 25. Ke2 Rc8 26. Bb3
Bb5+ 0-1

[Event "XI Open Piemonte Scacchi"]
[Site "Torino ITA"]
[Date "2011.09.11"]
[Round "4"]
[White "Carbone, Lorenzo"]
[Black "Tondo, Stefano"]
[Result "1/2-1/2"]
[WhiteElo "1759"]
[BlackElo "1502"]
[PlyCount "82"]
[EventDate "2011.09.09"]

1. e4 c6 2. c4 d5 3. exd5 cxd5 4. cxd5 Nf6 5. Bb5+ Bd7 6. Qa4 Qb6 7. Bxd7+
Nbxd7 8. Nc3 g6 9. Nf3 Bg7 10. Ne5 Rd8 11. d3 O-O 12. Nxd7 Nxd7 13. O-O Nf6 14.
Rb1 Nxd5 15. Nxd5 Rxd5 16. Be3 Ra5 17. Qh4 Qd6 18. Bf4 Qd4 19. Qg3 Rxa2 20. Be3
Qe5 21. Qf3 Qb5 22. b4 Rd8 23. Qg4 Ra3 24. d4 Rd3 25. Qe2 e5 26. dxe5 Qxe5 27.
Qf3 Bh6 28. Qxb7 Bxe3 29. fxe3 Qxe3+ 30. Kh1 R8d7 31. Qa8+ Rd8 32. Qb7 R8d7 33.
Qa8+ Kg7 34. Qc6 R3d6 35. Qc4 Qd3 36. Qc5 Qe2 37. Rbe1 Rd1 38. Qc3+ Kh6 39.
Qh3+ Kg5 40. Qg3+ Kh5 41. Qh3+ Kg5 1/2-1/2

[Event "XI Open Piemonte Scacchi"]
[Site "Torino ITA"]
[Date "2011.09.11"]
[Round "4"]
[White "Cardino, Guido"]
[Black "Briata, Federico"]
[Result "1/2-1/2"]
[WhiteElo "1452"]
[BlackElo "1745"]
[PlyCount "85"]
[EventDate "2011.09.09"]

1. e4 c5 2. Nf3 d6 3. Bb5+ Bd7 4. Bxd7+ Qxd7 5. O-O Nc6 6. Nc3 e6 7. Qe2 Nge7
8. Rd1 Nd4 9. Nxd4 cxd4 10. Nb5 Nc6 11. c3 e5 12. Na3 Be7 13. Nc2 dxc3 14. bxc3
O-O 15. Ne3 Rfd8 16. Qf3 Bg5 17. Nd5 Ne7 18. Qg3 Nxd5 19. Qxg5 Nf4 20. Re1 f6
21. Qg3 Qb5 22. Qf3 Nd3 23. Re3 Nxc1 24. Rxc1 Qb2 25. Qd1 Qxa2 26. Ra1 Qf7 27.
Rb1 b6 28. Qa4 d5 29. Rd3 dxe4 30. Rxd8+ Rxd8 31. Rb2 f5 32. g3 g6 33. Rb5 Qe7
34. Qb3+ Kg7 35. Qb2 Qd6 36. c4 Qd4 37. Qa2 Qd7 38. Rxe5 Kf6 39. Rd5 Qe7 40.
Qa1+ Kf7 41. Rxd8 Qxd8 42. Qxa7+ Kg8 43. Qa2 1/2-1/2

[Event "XI Open Piemonte Scacchi"]
[Site "Torino ITA"]
[Date "2011.09.11"]
[Round "4"]
[White "Bosticardo, Tommaso"]
[Black "Doromeychuk, Anton"]
[Result "1-0"]
[WhiteElo "1708"]
[BlackElo "1614"]
[PlyCount "73"]
[EventDate "2011.09.09"]

1. d4 Nf6 2. c4 c6 3. Nc3 d5 4. cxd5 cxd5 5. Bf4 Qa5 6. e3 e6 7. Bd3 Bb4 8.
Nge2 O-O 9. O-O Nbd7 10. a3 Bxc3 11. Nxc3 a6 12. Rc1 b5 13. f3 Nb6 14. Bd6 Re8
15. Bb4 Nc4 16. Bxa5 Nxa5 17. e4 Nc4 18. Bxc4 dxc4 19. e5 Nh5 20. f4 g6 21. Ne4
Bb7 22. Nd6 Re7 23. Nxb7 Rxb7 24. Qf3 Raa7 25. Rfd1 Ng7 26. g4 h5 27. h3 Kf8
28. d5 Ke7 29. dxe6 fxe6 30. Rd4 Rb8 31. Rcd1 hxg4 32. hxg4 Rf8 33. Qc6 Rf7 34.
Rd7+ Kf8 35. Rd8+ Ne8 36. Qxe8+ Kg7 37. Qh8# 1-0

[Event "XI Open Piemonte Scacchi"]
[Site "Torino ITA"]
[Date "2011.09.11"]
[Round "4"]
[White "Ivaldo, Fabrizio"]
[Black "Busi, Piero"]
[Result "1-0"]
[WhiteElo "1913"]
[BlackElo "1293"]
[PlyCount "47"]
[EventDate "2011.09.09"]

1. e4 e5 2. Nf3 Nf6 3. Nc3 d6 4. d4 Nc6 5. Bc4 Bg4 6. d5 Nd4 7. Be3 Nxf3+ 8.
gxf3 Bh5 9. Be2 a6 10. f4 Bxe2 11. Qxe2 Qe7 12. fxe5 Qxe5 13. Qc4 Qe7 14. Bg5
Rc8 15. Qd4 Ra8 16. f4 h6 17. Bh4 Rg8 18. Rg1 Qd8 19. Bxf6 Qxf6 20. Qxf6 gxf6
21. Rxg8 Ke7 22. O-O-O Re8 23. Ne2 h5 24. Ng3 1-0

[Event "XI Open Piemonte Scacchi"]
[Site "Torino ITA"]
[Date "2011.09.11"]
[Round "4"]
[White "Ravazzolo, Gaia"]
[Black "Figari, Andrea"]
[Result "1-0"]
[WhiteElo "1732"]
[BlackElo "1833"]
[PlyCount "45"]
[EventDate "2011.09.09"]

1. d4 d5 2. Nf3 Nf6 3. c4 c6 4. Nc3 e6 5. cxd5 exd5 6. Bg5 Be7 7. Qc2 Bg4 8. e3
Bxf3 9. gxf3 Nbd7 10. O-O-O Qa5 11. Bd3 Rc8 12. Rhg1 h6 13. Bxf6 Bxf6 14. Bf5
Qc7 15. Kb1 b5 16. Rc1 O-O 17. Nxd5 Qd6 18. Nxf6+ Nxf6 19. Bxc8 Rxc8 20. Qf5
Rb8 21. Qh3 Nd5 22. Qg4 Qf6 23. Rxc6 1-0

[Event "XI Open Piemonte Scacchi"]
[Site "Torino ITA"]
[Date "2011.09.11"]
[Round "5"]
[White "Ranieri, Fabrizio"]
[Black "Topczewski, Damian"]
[Result "1/2-1/2"]
[WhiteElo "2299"]
[BlackElo "2189"]
[PlyCount "26"]
[EventDate "2011.09.09"]

1. e4 c5 2. Nf3 d6 3. d4 Nf6 4. Nc3 cxd4 5. Nxd4 g6 6. Bg5 Bg7 7. Bb5+ Bd7 8.
Qe2 O-O 9. O-O-O a6 10. Bxd7 Nbxd7 11. f4 Qa5 12. Nb3 Qc7 13. Rhe1 h6 1/2-1/2

[Event "XI Open Piemonte Scacchi"]
[Site "Torino ITA"]
[Date "2011.09.11"]
[Round "5"]
[White "Aghayev, Miragha"]
[Black "Manni, Stefano"]
[Result "1/2-1/2"]
[WhiteElo "2112"]
[BlackElo "2012"]
[PlyCount "140"]
[EventDate "2011.09.09"]

1. e4 e5 2. Nf3 Nc6 3. d4 exd4 4. Nxd4 Nf6 5. Nxc6 bxc6 6. e5 Qe7 7. Qe2 Nd5 8.
c4 Nb6 9. Nc3 Qe6 10. b3 g6 11. Bb2 Bg7 12. f4 O-O 13. O-O-O f6 14. c5 Nd5 15.
Nxd5 cxd5 16. exf6 Bxf6 17. g3 a5 18. Qd2 a4 19. Bxf6 Rxf6 20. Bg2 c6 21. Rhe1
Qf7 22. b4 d6 23. b5 Bb7 24. bxc6 Bxc6 25. Bxd5 Bxd5 26. Qxd5 Qxd5 27. Rxd5 Ra5
28. Re8+ Kg7 29. Rc8 Rxc5+ 30. Rdxc5 dxc5 31. Rxc5 Re6 32. Kd2 Re4 33. Rc7+ Kh6
34. Ra7 Rb4 35. Kc3 Re4 36. Kd3 Rb4 37. Re7 a3 38. Rc7 Rb2 39. Rc2 Rb1 40. Rc3
Rb2 41. Rxa3 Rxh2 42. Ke4 Kh5 43. Kf3 Rc2 44. Ra5+ Kh6 45. Ra7 Rc3+ 46. Kg4 Rc2
47. a4 Ra2 48. a5 Ra3 49. a6 Ra5 50. Ra8 Ra3 51. Kh4 Kg7 52. a7 h5 53. Kh3 Ra4
54. Kg2 Ra3 55. Kf2 Kh7 56. Ke2 Kg7 57. Kd2 Ra2+ 58. Kc3 Ra3+ 59. Kb4 Ra1 60.
Kc4 Rc1+ 61. Kb3 Ra1 62. Kb4 Rb1+ 63. Kc5 Rc1+ 64. Kd5 Rd1+ 65. Ke4 Re1+ 66.
Kf3 Rf1+ 67. Kg2 Ra1 68. f5 gxf5 69. Kf3 Ra4 70. Kg2 Kh7 1/2-1/2

[Event "XI Open Piemonte Scacchi"]
[Site "Torino ITA"]
[Date "2011.09.11"]
[Round "5"]
[White "Guidi, Giacomo G."]
[Black "Spinelli, Doriano"]
[Result "0-1"]
[WhiteElo "1991"]
[BlackElo "2098"]
[PlyCount "106"]
[EventDate "2011.09.09"]

1. Nf3 d5 2. g3 c6 3. Bg2 Bf5 4. O-O Nf6 5. d3 h6 6. Nbd2 e6 7. Qe1 Be7 8. e4
Bh7 9. Qe2 O-O 10. Re1 a5 11. Ne5 Nbd7 12. Nxd7 Qxd7 13. e5 Ne8 14. Nf3 Nc7 15.
h4 Bb4 16. c3 Be7 17. Bf4 Bf5 18. Nd4 Bg6 19. Bh3 c5 20. Nf3 b5 21. Rad1 c4 22.
dxc4 bxc4 23. Qxc4 Rfb8 24. Qe2 Rb6 25. Be3 Rb7 26. Nd4 a4 27. Bg2 Rab8 28. Bc1
Bc5 29. h5 Bh7 30. c4 Rb4 31. Nc2 Rxb2 32. Bxb2 Rxb2 33. Rd2 a3 34. cxd5 exd5
35. Red1 Qa4 36. Ne3 d4 37. Rxb2 axb2 38. Qxb2 dxe3 39. Rd8+ Bf8 40. fxe3 Ne6
41. Ra8 Qd1+ 42. Kh2 Qxh5+ 43. Bh3 Be4 44. Ra4 Ng5 45. Rxe4 Qxh3+ 46. Kg1 Nxe4
47. a4 Qxg3+ 48. Qg2 Qxe3+ 49. Kh2 Qf4+ 50. Kg1 Bc5+ 51. Kh1 Nf2+ 52. Kg1 Ng4+
53. Kh1 Qc1+ 0-1

[Event "XI Open Piemonte Scacchi"]
[Site "Torino ITA"]
[Date "2011.09.11"]
[Round "5"]
[White "Moncelli, Giorgio"]
[Black "Di Chiara, Mauro"]
[Result "1/2-1/2"]
[WhiteElo "2081"]
[BlackElo "1966"]
[PlyCount "47"]
[EventDate "2011.09.09"]

1. e4 d6 2. d4 Nf6 3. Nc3 g6 4. g3 Bg7 5. Bg2 O-O 6. Nge2 Nc6 7. h3 e5 8. Be3
Bd7 9. O-O Qc8 10. Kh2 exd4 11. Nxd4 Nxd4 12. Bxd4 Bc6 13. Qd2 Re8 14. Rfe1 Re7
15. Nd5 Bxd5 16. exd5 Rxe1 17. Rxe1 Qd7 18. Qc3 Nh5 19. Bxg7 Nxg7 20. Qb4 b6
21. Bf1 Qf5 22. Qd2 Re8 23. Rxe8+ Nxe8 24. Bg2 1/2-1/2